000 00417nam a2200145Ia 4500
008 240729s9999 xx 000 0 und d
022 _a0973-709X
245 0 _aJournal of Clinical and Diagnostic Research
260 _aIndia
260 _bJCDR Research and Publications Private Limited
650 _aMedicine
856 _uhttps://doaj.org/toc/73f7589dd27c464f8298ea187c5dcb68
942 _2ddc
942 _cDOAJEJ
999 _c67124
_d67124
945 _a1
_bMadushi Gamage
_c1
_dMadushi Gamage